| 000 | 00726nam a2200229 a 4500 | ||
|---|---|---|---|
| 001 | 41035 | ||
| 003 | BD-RjUL | ||
| 005 | 20211209053321.0 | ||
| 008 | 160514s1959 bg ||||| |||| 00| f ben d | ||
| 020 | _c: Tk. 3.00 | ||
| 035 | _a(BD-RjUL) 41151 | ||
| 040 |
_aBD-RjUL _bben _cBD-RjUL |
||
| 041 | _aben | ||
| 082 |
_223 _a891.443 _bMAM 1959 |
||
| 100 |
_aমঈদ-উর-রহমান _9126276 |
||
| 245 | 1 | 0 |
_aময়ূরের পা / _cমঈদ-উর-রহমান |
| 260 |
_aঢাকা : _bসাহান, _c১৯৫৯ |
||
| 300 |
_a[৮], ১২৮ পৃ. ; _c২১ সেমি. |
||
| 650 |
_aবাংলা উপন্যাস _9126277 |
||
| 650 |
_aBengali Fiction _9126278 |
||
| 942 |
_2ddc _cBK |
||
| 999 |
_c41035 _d41035 |
||